[Event "ch-FRA Blitz Online Qual"]
[Site "Europe-Chess INT"]
[Date "2020.05.16"]
[Round "14"]
[White "Gilles, Francois"]
[Black "Capouilliet, Sylvain"]
[Result "1-0"]
[WhiteElo "1637"]
[BlackElo "1821"]
[WhiteFideId "654663"]
[BlackFideId "660337"]
[EventDate "2020.05.16"]

1. d4 d5 2. c4 e5 3. dxe5 d4 4. g3 Nc6 5. Bg2 Nxe5 6. Nf3 Nxf3+ 7. Bxf3 Bb4+ 8.
Bd2 Bxd2+ 9. Nxd2 c5 10. O-O Nf6 11. Nb3 Qc7 12. e3 dxe3 13. Qe2 O-O 14. Qxe3
Bh3 15. Bg2 Bxg2 16. Kxg2 b6 17. Nd2 Rfe8 18. Qf3 Rad8 19. Rad1 Rd7 20. b3 Red8
21. Nb1 g6 22. Rxd7 Nxd7 23. Re1 Nf8 24. Nc3 Kg7 25. Nd5 Qd6 26. Qc3+ Kh6 27.
Qe3+ Kg7 28. Qc3+ f6 29. Re7+ Kh6 30. Qe3+ g5 31. Rf7 Ng6 32. Rxf6 Qc6 33. Rxc6 1-0

[Event "ch-FRA Blitz Online Qual"]
[Site "Europe-Chess INT"]
[Date "2020.05.16"]
[Round "14"]
[White "Pothieux, Philippe"]
[Black "Laignel, Quentin"]
[Result "0-1"]
[WhiteElo "1796"]
[BlackElo "1420"]
[WhiteFideId "20606036"]
[BlackFideId "45169128"]
[EventDate "2020.05.16"]

1. d4 d5 2. c4 c6 3. Nc3 Nf6 4. Nf3 dxc4 5. a4 Bf5 6. e3 e6 7. Bxc4 Nbd7 8. O-O
Bb4 9. Bd2 O-O 10. Qb3 Bxc3 11. bxc3 Qb6 12. Qa3 Ne4 13. Bc1 Bg4 14. Nd2 Nxd2
15. Bxd2 Nf6 16. Rab1 Qc7 17. Bd3 Bh5 18. Qb4 Rab8 19. c4 Bg6 20. Bxg6 hxg6 21.
Rfd1 Ng4 22. g3 Qd8 23. h3 Nf6 24. Be1 Ne4 25. Qb2 Qf6 26. Qc2 Ng5 27. Kg2 Qf3+
28. Kh2 Qh5 29. h4 Nf3+ 30. Kg2 Qg4 31. Bb4 Rfe8 32. Rb2 Nxh4+ 33. Kf1 Qh3+ 34.
Ke2 Nf5 35. Rbb1 Qg4+ 36. Ke1 Qf3 37. Qe2 Qh1+ 38. Kd2 Qe4 39. f3 Qxe3+ 40. Qxe3
Nxe3 41. Kxe3 Red8 42. Bc5 b6 43. Bb4 Rb7 44. Bc3 Rbd7 45. Rd2 Kf8 46. Rbd1 Ke7
47. Ke4 f5+ 48. Ke3 Kf7 49. Kf4 a5 50. Ke5 g5 51. d5 cxd5 52. cxd5 exd5 53. Rxd5
Re8+ 54. Kd4 Rc7 55. Rd3 Kg6 56. Rd6+ Kh7 57. Rxb6 Rd7+ 58. Kc4 Rc8+ 59. Kb3
Rxd3 60. Rb5 Rdxc3+ 61. Kb2 Rc2+ 62. Kb3 R8c3# 0-1

[Event "ch-FRA Blitz Online Qual"]
[Site "Europe-Chess INT"]
[Date "2020.05.16"]
[Round "14"]
[White "Sylvestre-Baron, Laurent"]
[Black "Richard, Maxime"]
[Result "1-0"]
[WhiteElo "1728"]
[BlackElo "1436"]
[WhiteFideId "20698585"]
[BlackFideId "20643411"]
[EventDate "2020.05.16"]

1. c4 e5 2. Nc3 d6 3. Nf3 f5 4. e4 Be7 5. exf5 Bxf5 6. d4 e4 7. Nd2 Nf6 8. Be2
O-O 9. g4 Bg6 10. g5 Nfd7 11. Ndxe4 Nc6 12. Be3 Rf7 13. h4 Qf8 14. h5 Bxe4 15.
Nxe4 d5 16. cxd5 Bb4+ 17. Nc3 Ne7 18. g6 hxg6 19. hxg6 Rf6 20. Bd3 Nxg6 21. Qh5
Kf7 22. Rh4 Qh8 23. Bxg6+ Rxg6 24. Qxh8 Rxh8 25. Rxh8 Rg1+ 26. Kd2 Rxa1 27. a3
Ra2 28. axb4 Rxb2+ 29. Kd3 Rxb4 30. Rc8 Rb1 31. Nxb1 Nb6 32. Rxc7+ Kf6 33. Rxb7
Nxd5 34. Rxa7 Nb4+ 35. Kc3 Nd5+ 36. Kd3 Nf4+ 37. Ke4 Ne6 38. Ra6 Kf7 39. Rxe6
Kxe6 40. Nc3 g5 41. d5+ Kd6 42. Bxg5 Kd7 43. Bf4 Kd8 44. Ke5 Kd7 45. d6 Kd8 46.
Kd5 Kd7 47. Nb5 Kd8 48. Bg5+ Kd7 49. f4 Ke8 50. f5 Kd7 51. f6 Ke8 52. Ke6 Kf8
53. Bh6+ Ke8 54. f7+ Kd8 55. f8=Q# 1-0

[Event "ch-FRA Blitz Online Qual"]
[Site "Europe-Chess INT"]
[Date "2020.05.16"]
[Round "14"]
[White "Cornileau, Raphael"]
[Black "Leccia, Thomas"]
[Result "1-0"]
[WhiteElo "1397"]
[BlackElo "1893"]
[WhiteFideId "45105790"]
[BlackFideId "36087270"]
[EventDate "2020.05.16"]

1. e4 e6 2. d4 d5 3. exd5 exd5 4. Bd3 Nc6 5. Nf3 Bd6 6. h3 Nge7 7. O-O Bf5 8. c3
O-O 9. Qc2 Qd7 10. Bg5 h6 11. Bxe7 Nxe7 12. Re1 Bxh3 13. gxh3 Qxh3 14. Qe2 Ng6
15. Nbd2 Nf4 16. Qf1 Qg4+ 17. Kh1 Qh5+ 18. Kg1 Nh3+ 19. Kg2 Qg4+ 20. Kh1 Qh5 21.
Nh2 Bxh2 22. Kxh2 Nxf2+ 23. Kg1 Nxd3 24. Qxd3 Qg4+ 25. Kf2 f5 26. Qf3 Qh4+ 27.
Qg3 Qxg3+ 28. Kxg3 f4+ 29. Kf2 g5 30. Nf3 g4 31. Ne5 h5 32. Rh1 Rf5 33. Raf1 c5
34. Ke2 f3+ 35. Ke3 Re8 36. Rh4 Kg7 37. Kf2 Kf6 38. Kg3 Kg5 39. Rfh1 Rh8 40.
Nxg4 Kg6 41. Ne5+ Kf6 42. Nxf3 Kg6 43. Ne5+ Kf6 44. R4h2 cxd4 45. cxd4 Ke6 46.
Kh4 Rf4+ 47. Kh3 Rxd4 48. Re2 1-0

[Event "ch-FRA Blitz Online Qual"]
[Site "Europe-Chess INT"]
[Date "2020.05.16"]
[Round "14"]
[White "Staune, Jean"]
[Black "Payet, Thomas"]
[Result "1-0"]
[WhiteElo "1719"]
[BlackElo "1356"]
[WhiteFideId "26091631"]
[BlackFideId "45151300"]
[EventDate "2020.05.16"]

1. e4 c5 2. c3 Nc6 3. d4 cxd4 4. cxd4 e6 5. Nf3 d5 6. e5 f6 7. exf6 Nxf6 8. Be2
Bb4+ 9. Bd2 Bxd2+ 10. Qxd2 O-O 11. O-O Ne4 12. Qe3 Nf6 13. Nc3 Bd7 14. a3 b6 15.
Rac1 a5 16. Nb5 Nb8 17. Ne5 Bxb5 18. Bxb5 Nbd7 19. Rfe1 Nxe5 20. Qxe5 Nd7 21.
Qxe6+ Kh8 22. Qxd7 Qxd7 23. Bxd7 Rfd8 24. Bc6 Rd6 25. Bxa8 Rd8 26. Bxd5 Rxd5 27.
Rc8+ Rd8 28. Rxd8# 1-0

[Event "ch-FRA Blitz Online Qual"]
[Site "Europe-Chess INT"]
[Date "2020.05.16"]
[Round "14"]
[White "Zanin, Clement"]
[Black "Genot, Jean-Paul"]
[Result "1-0"]
[WhiteElo "1327"]
[BlackElo "1673"]
[WhiteFideId "36066869"]
[BlackFideId "45150940"]
[EventDate "2020.05.16"]

1. e4 c5 2. Nc3 g6 3. Bc4 Bg7 4. f4 Nc6 5. Nf3 a6 6. d3 e6 7. f5 exf5 8. O-O
Nge7 9. Qe1 O-O 10. Qh4 Ne5 11. Ng5 h6 12. Nf3 N7c6 13. Qg3 Nxc4 14. dxc4 fxe4
15. Nxe4 d5 16. cxd5 Nd4 17. Nxd4 cxd4 18. Kh1 Qxd5 19. Nf2 Bf5 20. Ng4 h5 21.
Nh6+ Kh7 22. Nxf5 gxf5 23. Qh3 f4 24. Bxf4 Bh6 25. Bxh6 Kxh6 26. Rf6+ Kh7 27.
Rf5 Qe6 28. Rxh5+ Kg7 29. Qg3+ Kf6 30. Rh6+ Ke7 31. Rxe6+ fxe6 32. Qg7+ Kd6 33.
Qxd4+ Ke7 34. Qc5+ Kd7 35. Rd1+ Ke8 36. Qd6 Rf6 37. Qd7+ Kf8 38. Qxb7 Re8 39.
Qb4+ Kg7 40. Qg4+ Kf8 41. h3 Ke7 42. Qg7+ Rf7 43. Rd7+ Kxd7 44. Qxf7+ Re7 45.
Qf1 Kd6 46. Qxa6+ 1-0

[Event "ch-FRA Blitz Online Qual"]
[Site "Europe-Chess INT"]
[Date "2020.05.16"]
[Round "14"]
[White "Azizyan, Rafayel"]
[Black "Anselin, Djavan"]
[Result "1-0"]
[WhiteElo "1667"]
[BlackElo "1499"]
[WhiteFideId "651016931"]
[BlackFideId "36080713"]
[EventDate "2020.05.16"]

1. e4 c6 2. d4 d5 3. exd5 cxd5 4. Bd3 Nf6 5. c3 Nc6 6. Bf4 h6 7. Nd2 e6 8. Ngf3
Bd6 9. Bxd6 Qxd6 10. Qe2 O-O 11. Ne5 Nd7 12. f4 f6 13. Ng6 Re8 14. O-O Nf8 15.
Qg4 f5 16. Qg3 Nxg6 17. Qxg6 Qe7 18. Kh1 Qf7 19. Qg3 Bd7 20. Rae1 Rac8 21. Re3
Kh7 22. Qh3 Ne7 23. g4 Kg8 24. Rg3 fxg4 25. Qxg4 Nf5 26. Rh3 Kh8 27. Rg1 Rg8 28.
Nf3 Rc7 29. Ne5 Qe7 30. Ng6+ Kh7 31. Nxe7 Bb5 32. Bxf5+ exf5 33. Qxf5+ Kh8 34.
Rxh6+ gxh6 35. Rxg8# 1-0

[Event "ch-FRA Blitz Online Qual"]
[Site "Europe-Chess INT"]
[Date "2020.05.16"]
[Round "14"]
[White "Bosc, Frederic"]
[Black "Muller, Patrick"]
[Result "1-0"]
[WhiteElo "1365"]
[BlackElo "1582"]
[WhiteFideId "36030970"]
[BlackFideId "20669216"]
[EventDate "2020.05.16"]

1. e4 e5 2. d4 exd4 3. c3 Nc6 4. cxd4 d6 5. Nc3 Bd7 6. d5 Ne5 7. f4 Ng6 8. Nf3
f6 9. Bd3 N8e7 10. O-O h6 11. Re1 c5 12. e5 fxe5 13. fxe5 Nxe5 14. Nxe5 dxe5 15.
Rxe5 Kf7 16. Qf3+ Kg8 17. d6 Nc6 18. Bc4+ Kh7 19. Qe4+ g6 20. Bf4 Nxe5 21. Bxe5
Bf5 22. Qd5 Bg7 23. Bxg7 Kxg7 24. Qf7# 1-0

[Event "ch-FRA Blitz Online Qual"]
[Site "Europe-Chess INT"]
[Date "2020.05.16"]
[Round "14"]
[White "Joly, Charlotte"]
[Black "Robine, Guillaume"]
[Result "1/2-1/2"]
[WhiteElo "1454"]
[BlackElo "1571"]
[WhiteFideId "36022292"]
[BlackFideId "45127352"]
[EventDate "2020.05.16"]

1. d4 d5 2. Bf4 Nf6 3. e3 Bf5 4. Nf3 e6 5. h3 Be7 6. Nbd2 O-O 7. Be2 c5 8. c3 c4
9. Nh4 Bg6 10. Nxg6 hxg6 11. Bf3 b5 12. a3 a5 13. O-O Nc6 14. Re1 b4 15. axb4
axb4 16. e4 bxc3 17. bxc3 Qb6 18. exd5 exd5 19. Bg5 Qb2 20. Rc1 Rfd8 21. Nxc4
dxc4 22. Bxc6 Rac8 23. Rxe7 Rxc6 24. Bxf6 Rxf6 25. Re2 Qb6 26. f3 Rd5 27. Re5
Rxe5 28. Kh2 Rd5 29. Qe1 Qd6+ 30. Kg1 Re6 31. Qh4 Rh5 32. Qf2 Qf4 33. Ra1 Qe3
34. Qxe3 Rxe3 35. Ra8+ Kh7 36. Ra3 Rd5 37. Kf2 Rd3 38. Ke2 R5xd4 39. Ra7 Rd2+
40. Ke1 Rd1+ 41. Ke2 R4d2+ 42. Ke3 Rxg2 43. Rxf7 Rc2 44. Rc7 Rxc3+ 45. Ke2 Rc2+
46. Kxd1 Rc3 47. Kd2 Rxf3 48. Rxc4 Rxh3 49. Ke2 Rg3 50. Kf2 Rg5 51. Kf3 Kh6 52.
Kf4 Kh5 53. Rc2 Rf5+ 54. Ke4 Kg5 55. Rg2+ Kf6 56. Rc2 Re5+ 57. Kf4 Rf5+ 58. Kg4
Re5 59. Rc6+ Re6 60. Rc7 g5 61. Rb7 g6 62. Rb5 Re4+ 63. Kf3 Rc4 64. Kg3 Kg7 65.
Rxg5 Kf6 66. Rb5 g5 67. Kf3 Rc3+ 68. Kg4 Rc4+ 69. Kf3 Rh4 70. Kg3 Ra4 71. Kf3
g4+ 72. Kg3 Kg6 73. Rd5 Kf6 74. Rb5 Kg6 75. Re5 Rc4 76. Rb5 Kf6 77. Ra5 Ke6 78.
Rg5 Rc3+ 79. Kxg4 Rc1 80. Rg6+ Kd5 81. Rg5+ Ke4 82. Kh5 Rf1 83. Rg4+ Kf3 84. Rg5
Rh1+ 85. Kg6 Re1 86. Rf5+ Ke2 87. Re5+ Kd2 88. Rd5+ Ke2 89. Re5+ Kd2 90. Rxe1
Kxe1 1/2-1/2

[Event "ch-FRA Blitz Online Qual"]
[Site "Europe-Chess INT"]
[Date "2020.05.16"]
[Round "14"]
[White "Vernadet, Jacques"]
[Black "Thibous, Leo"]
[Result "1-0"]
[WhiteElo "1600"]
[BlackElo "1380"]
[WhiteFideId "665169"]
[BlackFideId "45136084"]
[EventDate "2020.05.16"]

1. e4 e5 2. f4 exf4 3. Bc4 Nf6 4. Nc3 Bc5 5. d4 Bb4 6. Qd3 d5 7. exd5 Nxd5 8.
Nf3 O-O 9. O-O Nxc3 10. bxc3 Bd6 11. Bd2 Nc6 12. Rae1 Bd7 13. Re2 Qf6 14. Rfe1
Bf5 15. Re4 Bxe4 16. Rxe4 Rfe8 17. Qe2 Rxe4 18. Qxe4 Qe7 19. Qd3 Re8 20. h3 Na5
21. Bb5 c6 22. Ba4 b5 23. Bb3 Nxb3 24. cxb3 Qe2 25. Qf5 g6 26. Qd7 Qe7 27. Qxc6
b4 28. c4 a5 29. c5 Bc7 30. d5 Qd8 31. d6 Bb8 32. Bxf4 f6 33. Qd5+ Kg7 34. Nd4
Qd7 35. c6 Qd8 36. Ne6+ Rxe6 37. Qxe6 Ba7+ 38. Kh2 Kf8 39. c7 Qe8 40. c8=Q Qxc8
41. Qxc8+ Kg7 42. Qe6 Bb6 43. d7 Bd8 44. Qe8 Bc7 45. d8=Q Bxf4+ 46. Kg1 Kh6 47.
Qf8+ Kg5 48. Qd5+ f5 49. Qe7+ Kh5 50. Qxh7+ Bh6 51. Qf3+ Kg5 52. h4+ Kf6 53.
Qxh6 a4 54. Qg5+ Kf7 55. Qc6 axb3 56. Qc7+ Kg8 57. Qgd8# 1-0

[Event "ch-FRA Blitz Online Qual"]
[Site "Europe-Chess INT"]
[Date "2020.05.16"]
[Round "14"]
[White "Gouait, Raymond"]
[Black "Gouja, Wissem"]
[Result "0-1"]
[WhiteElo "1566"]
[BlackElo "1346"]
[WhiteFideId "20621604"]
[BlackFideId "551013800"]
[EventDate "2020.05.16"]

1. d4 Nf6 2. c4 g6 3. Nc3 Bg7 4. Bg5 d6 5. Nf3 O-O 6. e3 Nbd7 7. Qc2 h6 8. Bh4
c5 9. Bd3 Qc7 10. d5 a6 11. O-O g5 12. Bg3 Nh5 13. Be2 Nxg3 14. hxg3 f5 15. Bd3
Ne5 16. Nxe5 Bxe5 17. f4 gxf4 18. exf4 Bd4+ 19. Kh1 e6 20. dxe6 Bxe6 21. Nd5
Bxd5 22. cxd5 Qf7 23. Rae1 Qh5# 0-1

[Event "ch-FRA Blitz Online Qual"]
[Site "Europe-Chess INT"]
[Date "2020.05.16"]
[Round "14"]
[White "Deurvillier, Martial"]
[Black "Thobie, Pascal"]
[Result "0-1"]
[WhiteElo "1556"]
[BlackElo "1216"]
[WhiteFideId "26017091"]
[BlackFideId "651001187"]
[EventDate "2020.05.16"]

1. d4 d5 2. c4 c6 3. Nc3 Bf5 4. Bf4 Nf6 5. e3 e6 6. Nf3 dxc4 7. Bxc4 Ne4 8. Qc1
Nxc3 9. Qxc3 a5 10. O-O Bd6 11. Bxd6 Qxd6 12. Rac1 O-O 13. Be2 Bg4 14. h3 Bh5
15. a3 Nd7 16. Qb3 Rfb8 17. Qd1 h6 18. Nd2 Bxe2 19. Qxe2 Nf6 20. Qf3 Qd7 21. Ne4
Nxe4 22. Qxe4 Qd5 23. Qxd5 cxd5 24. Rc5 Rc8 25. Rfc1 Rxc5 26. Rxc5 Ra7 27. Kf1
g6 28. Ke2 Kf8 29. Kd3 Ke7 30. g3 Kd6 31. h4 b6 32. Rc8 Rb7 33. Rd8+ Ke7 34. Rh8
h5 35. Rc8 Kd7 36. Rc2 Rc7 37. Rxc7+ Kxc7 38. Kc3 Kc6 39. b3 b5 40. a4 b4+ 41.
Kd3 Kd6 42. Ke2 e5 43. Kf3 e4+ 44. Kf4 Ke6 45. Kg5 Ke7 46. g4 hxg4 47. Kxg4 Kf6
48. h5 gxh5+ 49. Kxh5 Kf5 50. Kh4 f6 51. Kh5 Ke6 52. Kg6 Ke7 53. Kf5 Kf7 54. Kf4
Kg6 55. f3 exf3 56. Kxf3 Kf5 57. Kf2 Ke4 58. Ke2 f5 59. Kd2 f4 60. exf4 Kxf4 61.
Kd3 Kf3 62. Kd2 Ke4 63. Kc2 Kxd4 64. Kd2 Ke4 65. Ke2 d4 66. Kd2 Kd5 67. Kd3 Ke5
68. Kd2 Ke4 69. Ke2 d3+ 70. Kd2 Kd4 71. Kd1 Kc3 72. Kc1 0-1

[Event "ch-FRA Blitz Online Qual"]
[Site "Europe-Chess INT"]
[Date "2020.05.16"]
[Round "14"]
[White "Muller, Lorelei"]
[Black "Gabino, Karl"]
[Result "0-1"]
[WhiteElo "1541"]
[BlackElo "1331"]
[WhiteFideId "20669208"]
[BlackFideId "45135886"]
[EventDate "2020.05.16"]

1. e4 c5 2. Nf3 g6 3. d4 cxd4 4. Nxd4 Bg7 5. Be3 Nc6 6. Nc3 Nf6 7. Bc4 d6 8. Bb3
O-O 9. O-O Bd7 10. a3 Rc8 11. Qd2 Ng4 12. Nxc6 Bxc6 13. Bd4 Nf6 14. f3 Qc7 15.
Rad1 b6 16. Be3 Rfd8 17. Bh6 d5 18. Bxg7 Kxg7 19. exd5 Nxd5 20. Nxd5 Qd6 21.
Qd4+ e5 22. Qd2 Bxd5 23. Bxd5 Rc5 24. c3 Rxd5 25. Qe2 Rxd1 26. Rxd1 Qxd1+ 27.
Qxd1 Rxd1+ 0-1

[Event "ch-FRA Blitz Online Qual"]
[Site "Europe-Chess INT"]
[Date "2020.05.16"]
[Round "14"]
[White "Kloss, Alexandre"]
[Black "Nguyen, Theo"]
[Result "1-0"]
[WhiteElo "1577"]
[BlackElo "1309"]
[WhiteFideId "36088617"]
[BlackFideId "551068591"]
[EventDate "2020.05.16"]

1. e4 c5 2. Nf3 d6 3. d4 cxd4 4. Nxd4 Nf6 5. Nc3 a6 6. Bg5 e6 7. f4 Be7 8. Qe2
Nc6 9. O-O-O Nxd4 10. Rxd4 b5 11. g3 Qb6 12. Rd1 h6 13. Bh4 Bb7 14. Bg2 Rc8 15.
e5 dxe5 16. fxe5 Nd5 17. Nxd5 Bxd5 18. Bxd5 Bxh4 19. gxh4 exd5 20. Rxd5 O-O 21.
Qg2 Qe6 22. Rg1 g6 23. h5 g5 24. h4 Rxc2+ 25. Kxc2 Qf5+ 26. Kd1 Kh8 27. hxg5
hxg5 28. Rd2 Re8 29. Qxg5 Qf3+ 30. Kc1 Rc8+ 31. Rc2 Rxc2+ 32. Kxc2 Qe2+ 33. Kb1
Qd3+ 34. Ka1 Qh7 35. Qd8+ Qg8 36. Qxg8# 1-0

[Event "ch-FRA Blitz Online Qual"]
[Site "Europe-Chess INT"]
[Date "2020.05.16"]
[Round "14"]
[White "Coutton, Aurelien"]
[Black "Auribault, Louis"]
[Result "0-1"]
[WhiteElo "1211"]
[BlackElo "1618"]
[WhiteFideId "45121443"]
[BlackFideId "45196591"]
[EventDate "2020.05.16"]

1. d4 Nf6 2. c4 g6 3. Nc3 Bg7 4. e4 d6 5. Nf3 O-O 6. Be2 e5 7. O-O Nc6 8. d5 Ne7
9. b4 Nd7 10. Nd2 f5 11. Ba3 f4 12. f3 h5 13. c5 g5 14. cxd6 cxd6 15. b5 Nf6 16.
Nc4 g4 17. Nxd6 g3 18. h3 Bd7 19. Nxb7 Qc7 20. Bxe7 Rfe8 21. Bxf6 Bxf6 22. Nd6
Qxd6 23. Qb3 Kh8 24. Rac1 Rg8 25. a4 Bxh3 26. gxh3 g2 27. Rf2 Qd7 28. Rxg2 Rxg2+
29. Kxg2 Rg8+ 30. Kh2 Bh4 31. Rg1 Bg3+ 32. Kg2 Be1+ 33. Kf1 Qxh3+ 34. Kxe1 Rxg1+
35. Kd2 Qg3 36. Kd3 Qf2 37. Nd1 Qd4+ 38. Kc2 h4 39. Qc3 Qxc3+ 40. Kxc3 h3 41. d6
h2 42. Nf2 Rg6 43. d7 Rd6 44. Bf1 Rxd7 45. Bg2 Rg7 46. Ng4 Rg5 47. Bh1 Kg7 48.
Kc4 Kf7 49. Kd5 Ke7 50. Nf2 Rg1 51. Kxe5 Rf1 52. Ng4 Rxh1 53. Nxh2 Rxh2 54. a5
Rb2 55. b6 axb6 56. a6 Ra2 57. Kxf4 Rxa6 58. e5 Ke6 59. Ke4 Ra4+ 60. Ke3 Kxe5
61. f4+ Rxf4 62. Ke2 b5 63. Ke3 b4 64. Ke2 b3 65. Kd3 b2 66. Kc2 Rf2+ 67. Kb3
b1=Q+ 68. Kc3 Rc2+ 69. Kd3 Qd1+ 70. Ke3 Re2+ 71. Kf3 Qf1+ 72. Kg3 Rg2+ 73. Kh3
Qh1# 0-1

[Event "ch-FRA Blitz Online Qual"]
[Site "Europe-Chess INT"]
[Date "2020.05.16"]
[Round "14"]
[White "Brasseur, Vincent"]
[Black "Kosciusko-Morizet, Antoine"]
[Result "1-0"]
[WhiteElo "1603"]
[BlackElo "1293"]
[WhiteFideId "45129550"]
[BlackFideId "45166749"]
[EventDate "2020.05.16"]

1. e4 e5 2. Nf3 Nc6 3. Bc4 Nf6 4. Ng5 d5 5. exd5 Na5 6. Bb5+ c6 7. dxc6 bxc6 8.
Bd3 h6 9. Ne4 Nxe4 10. Bxe4 Bc5 11. O-O f5 12. Qh5+ Ke7 13. Bxf5 Bxf5 14. Qxf5
Bd4 15. c3 Rf8 16. Qe4 Rf4 17. Qe2 Qd6 18. cxd4 Rxd4 19. Re1 Rd5 20. Nc3 Rc5 21.
b4 Rb5 22. Nxb5 cxb5 23. bxa5 b4 24. Qxe5+ Qxe5 25. Rxe5+ Kd6 26. d4 Rb8 27. Be3
b3 28. axb3 Rxb3 29. g3 g5 30. Kg2 a6 31. Rc1 Ra3 32. Rc8 Kd7 33. Rh8 Rc3 34.
Rxh6 Kc7 35. Rxa6 Kb7 36. Rg6 Ka7 37. Re7+ Kb8 38. Bxg5 Rc8 39. Bf4+ Rc7 40.
Rxc7 Ka8 41. Rg8# 1-0

[Event "ch-FRA Blitz Online Qual"]
[Site "Europe-Chess INT"]
[Date "2020.05.16"]
[Round "14"]
[White "Minde, Baptiste"]
[Black "De Monts, Louis"]
[Result "0-1"]
[WhiteElo "1210"]
[BlackElo "1630"]
[WhiteFideId "45172110"]
[BlackFideId "36088781"]
[EventDate "2020.05.16"]

1. d4 Nf6 2. Nf3 g6 3. e3 d6 4. Bd3 Bg7 5. Nbd2 O-O 6. c3 Nbd7 7. O-O e5 8. dxe5
Nxe5 9. Nxe5 dxe5 10. Bc4 c6 11. Qb3 b5 12. Be2 Be6 13. Qc2 Qb6 14. Ne4 Kh8 15.
Nxf6 Bxf6 16. Rd1 a5 17. Bf3 a4 18. Qe4 Bd5 19. Qg4 h5 20. Qg3 Be6 21. e4 h4 22.
Be3 Qc7 23. Bc5 hxg3 24. Bxf8 gxf2+ 25. Kxf2 Rxf8 26. Rd2 Qb6+ 27. Kf1 Bc4+ 28.
Ke1 Qg1# 0-1

[Event "ch-FRA Blitz Online Qual"]
[Site "Europe-Chess INT"]
[Date "2020.05.16"]
[Round "14"]
[White "Hsu, Victor"]
[Black "Le Neindre, Yael"]
[Result "0-1"]
[WhiteElo "1476"]
[BlackElo "1258"]
[WhiteFideId "551034107"]
[BlackFideId "551064260"]
[EventDate "2020.05.16"]

1. Nf3 d5 2. d4 Nf6 3. Bf4 e6 4. e3 Be7 5. c4 c6 6. Nc3 Nbd7 7. c5 b6 8. b4 Bb7
9. Bd3 O-O 10. Qc2 h6 11. h3 Rc8 12. g4 Re8 13. g5 hxg5 14. Bxg5 Bf8 15. Rg1 e5
16. dxe5 Nxe5 17. Nxe5 Rxe5 18. Bxf6 Qxf6 19. Bh7+ Kh8 20. Bd3 Kg8 21. Kd2 Qxf2+
22. Ne2 Qxe3+ 23. Kc3 bxc5 24. bxc5 Bxc5 25. Qd2 Bb4+ 26. Kxb4 Qxd2+ 0-1

[Event "ch-FRA Blitz Online Qual"]
[Site "Europe-Chess INT"]
[Date "2020.05.16"]
[Round "14"]
[White "Inventar, Alexandre"]
[Black "Ogier, Daniil"]
[Result "1-0"]
[WhiteElo "1437"]
[BlackElo "1059"]
[WhiteFideId "36054100"]
[BlackFideId "45187398"]
[EventDate "2020.05.16"]

1. e4 c5 2. Nf3 Nc6 3. d4 cxd4 4. Nxd4 Nf6 5. Nc3 e5 6. Nf3 Bb4 7. Bd3 Nxe4 8.
Bxe4 f5 9. Bxf5 d5 10. O-O Bxf5 11. Nxd5 Bc5 12. Ne3 O-O 13. c3 Rc8 14. Qb3+ Kh8
15. Qxb7 Na5 16. Qd5 Bxe3 17. Qxd8 Bxc1 18. Qxf8+ Rxf8 19. Raxc1 Re8 20. Rfe1 e4
21. Nd4 Bg4 22. b3 Nb7 23. Re3 Nd6 24. Rce1 Nf5 25. Nxf5 Bxf5 26. f3 h6 27. fxe4
Bg4 28. e5 Kg8 29. Kf2 Kf7 30. Kg3 Bc8 31. Rf1+ Ke6 32. Rf4 Kd5 33. Rd4+ Kc6 34.
Kf4 g5+ 35. Kg3 h5 36. h4 Rg8 37. e6 gxh4+ 38. Kxh4 Rxg2 39. e7 Rg8 40. e8=Q+
Rxe8 41. Rxe8 Kc7 42. Rxc8+ Kxc8 43. Kxh5 Kc7 44. Kg5 Kc6 45. Kf5 Kb5 46. Ke5
Kc5 47. Rb4 a5 48. Ra4 Kb5 49. Kd5 Kb6 50. c4 Ka6 51. Kc5 Kb7 52. Rxa5 Kc7 53.
Ra6 Kb8 54. Kc6 Kc8 55. Ra8# 1-0

[Event "ch-FRA Blitz Online Qual"]
[Site "Europe-Chess INT"]
[Date "2020.05.16"]
[Round "14"]
[White "Langer, Franck"]
[Black "Zachary, Bastian"]
[Result "0-1"]
[WhiteElo "1327"]
[BlackElo "1923"]
[WhiteFideId "45175063"]
[BlackFideId "36019402"]
[EventDate "2020.05.16"]

1. e4 e5 2. Bc4 Nf6 3. Nc3 Nc6 4. Nge2 Nxe4 5. Nxe4 d5 6. Bb3 dxe4 7. Ng3 Be7 8.
Nxe4 O-O 9. d3 Kh8 10. O-O f5 11. Ng3 Nd4 12. Bc4 b5 13. Bd5 Qxd5 0-1

[Event "ch-FRA Blitz Online Qual"]
[Site "Europe-Chess INT"]
[Date "2020.05.16"]
[Round "14"]
[White "Rajaobelina, Hery"]
[Black "Gimenez, Adrien"]
[Result "0-1"]
[WhiteElo "1592"]
[BlackElo "1591"]
[WhiteFideId "36054836"]
[BlackFideId "36069094"]
[EventDate "2020.05.16"]

1. e4 d6 2. d4 Nf6 3. f3 g6 4. Be3 Bg7 5. Nc3 Nbd7 6. Qd2 e5 7. Nge2 c6 8. O-O-O
Qc7 9. g4 Nb6 10. Ng3 Be6 11. Kb1 Nc4 12. Bxc4 Bxc4 13. d5 cxd5 14. exd5 a5 15.
Nge4 Nxe4 16. fxe4 a4 17. a3 b5 18. Na2 Bxa2+ 19. Kxa2 Qc4+ 20. Kb1 Qxe4 21. h3
Rc8 22. Bb6 Qc4 23. Ba5 e4 24. Bb4 e3 25. Qd3 Qxd3 26. Rxd3 Rd8 27. Rxe3+ Kd7
28. Rhe1 Be5 29. Bc3 Bxc3 30. Rxc3 Rhe8 31. Rce3 Rxe3 32. Rxe3 Re8 33. Rxe8 Kxe8
34. b3 Ke7 35. Kc1 Kf6 36. bxa4 bxa4 37. c4 Ke5 38. Kd2 Kd4 39. g5 Kxc4 40. Kc2
Kxd5 41. Kd3 Ke5 42. Ke3 d5 43. Kd3 d4 44. Kc4 Ke4 45. Kb4 Ke3 46. Kxa4 d3 47.
Kb5 d2 48. a4 d1=Q 49. a5 Qd5+ 50. Kb6 Qxg5 51. a6 Qe5 52. a7 Qd4+ 53. Kb7 Qxa7+
54. Kxa7 f5 0-1

[Event "ch-FRA Blitz Online Qual"]
[Site "Europe-Chess INT"]
[Date "2020.05.16"]
[Round "14"]
[White "Plaidit, Hugo"]
[Black "Coelho, Laurent"]
[Result "1/2-1/2"]
[WhiteElo "1319"]
[BlackElo "1617"]
[WhiteFideId "551003066"]
[BlackFideId "45104840"]
[EventDate "2020.05.16"]

1. e4 d6 2. d4 Nf6 3. Nc3 g6 4. Bg5 Bg7 5. Nf3 O-O 6. Qd2 Nbd7 7. h4 c5 8. d5 a6
9. Be2 b5 10. Bh6 b4 11. Nd1 Nxe4 12. Qe3 Nef6 13. Bxg7 Kxg7 14. h5 Ne5 15. hxg6
Nxf3+ 16. Bxf3 fxg6 17. Qh6+ Kg8 18. g4 Rf7 19. g5 Ng4 20. Bxg4 Bxg4 21. Ne3 Bh5
22. Ng2 Qf8 23. f4 Qxh6 24. gxh6 Raf8 25. Kf2 g5 26. Ke3 gxf4+ 27. Kd3 Bg6+ 28.
Kd2 f3 29. Ne3 Rf4 30. Raf1 Rd4+ 31. Kc1 a5 32. c3 bxc3 33. bxc3 Re4 34. Kd2
Ref4 35. Rh3 c4 36. Rg3 Kf7 37. Rgxf3 Rxf3 38. Rxf3+ Ke8 39. Rxf8+ Kxf8 40. Nxc4
Bb1 41. Nxa5 Bxa2 42. c4 Bb1 43. Nb3 Bf5 44. Nd4 Bd7 45. Ne6+ Kf7 46. Ng5+ Kg6
47. Ne4 Kxh6 48. Ke3 Bf5 49. Ng3 Bg6 50. Kf4 Kg7 51. Ke3 Kf6 52. Kd4 e6 53. dxe6
Kxe6 54. c5 dxc5+ 55. Kxc5 Ke5 56. Kc4 Kf4 57. Nf1 h5 58. Kd4 Bf5 59. Kc3 Bg4
60. Kd2 h4 61. Ke1 Bf3 62. Kf2 Kg4 63. Kg1 Bb7 64. Nh2+ Kh3 65. Nf1 Ba6 66. Nh2
Kg3 67. Nf1+ Bxf1 68. Kxf1 Kh2 69. Kf2 h3 70. Kf1 Kh1 71. Kf2 Kh2 72. Kf1 Kg3
73. Kg1 h2+ 74. Kh1 Kf2 75. Kxh2 1/2-1/2